000 00719nam a2200253Ia 4500
003 OSt
005 20220925233655.0
006 a|||||r|||| 00| 0
007 ta
008 220923b |||||||| |||| 00| 0 eng d
020 _a817041119X
037 _cGeneral Book
040 _aRTL
_cRTL
_beng
041 _2eng
_aeng
082 _aX91:8.247.N8, M9
100 _aHamid Syed Abdul
_9299165
245 0 _aManagement development of small scale industries
260 _a New Delhi
_bAnmol
_c1989
300 _axii,250p
_ccm.
500 _aBibliography P 229-50
650 _aIndustrial Management
942 _hX91:8.247.N8, M9
_cGB
_2CC
999 _c594239
_d594239